000
00249nam a22001217a 4500
008
260309b ||||| |||| 00| 0 eng d
041
_a
eng
080
_a
2.1
100
_a
20.1
101
_a
Poezi
245
_a
Poezi
_c
Arshi Pipa
942
_2
udc
_c
BK
999
_c
60878
_d
60878